Welcome to the Holygrace Academy Library

Please use search bar below to get started

FRANCIS ITTYKKORA (Record no. 8636)

MARC details
000 -LEADER
fixed length control field 00361nam a22001457a 4500
020 ## - INTERNATIONAL STANDARD BOOK NUMBER
ISBN 978-81-264-2458-0
082 ## - DEWEY DECIMAL CLASSIFICATION NUMBER
Classification number 894.812.3
Item number RAM/F
100 ## - MAIN ENTRY--AUTHOR NAME
Personal name RAMAKRISHNAN, T D
245 ## - TITLE STATEMENT
Title FRANCIS ITTYKKORA
246 ## - VARYING FORM OF TITLE
Title proper/short title FRANCIS ITTYKKORA
Remainder of title FRANCIS ITTYKKORA
260 ## - PUBLICATION, DISTRIBUTION, ETC. (IMPRINT)
Place of publication KOTTAYAM, INDIA
Name of publisher D C BOOKS
Year of publication 2024
300 ## - PHYSICAL DESCRIPTION
Number of Pages 384
650 ## - SUBJECT ADDED ENTRY--TOPICAL TERM
Topical Term MALAYALAM NOVEL
942 ## - ADDED ENTRY ELEMENTS (KOHA)
Koha item type Books

No items available.